Di ambang pintu perkahwinan / (Record no. 1399)
[ view plain ]
| 000 -LEADER | |
|---|---|
| fixed length control field | nam a22 a 4500 |
| 003 - CONTROL NUMBER IDENTIFIER | |
| control field | AKMAL |
| 005 - DATE AND TIME OF LATEST TRANSACTION | |
| control field | 20170509134803.0 |
| 008 - FIXED-LENGTH DATA ELEMENTS--GENERAL INFORMATION | |
| fixed length control field | 170509s1976 my 00 may d |
| 039 #9 - LEVEL OF BIBLIOGRAPHIC CONTROL AND CODING DETAIL [OBSOLETE] | |
| Level of rules in bibliographic description | 200608221227 |
| Level of effort used to assign nonsubject heading access points | suzila |
| Level of effort used to assign subject headings | 200608220903 |
| Level of effort used to assign classification | suzila |
| Level of effort used to assign subject headings | 200606081519 |
| Level of effort used to assign classification | suzila |
| Level of effort used to assign subject headings | 200606081505 |
| 040 ## - CATALOGING SOURCE | |
| Original cataloging agency | AKMAL |
| 082 ## - DEWEY DECIMAL CLASSIFICATION NUMBER | |
| Classification number | 301.4 SID |
| 090 00 - LOCALLY ASSIGNED LC-TYPE CALL NUMBER (OCLC); LOCAL CALL NUMBER (RLIN) | |
| Classification number (OCLC) (R) ; Classification number, CALL (RLIN) (NR) | 301.4 |
| Local cutter number (OCLC) ; Book number/undivided call number, CALL (RLIN) | SID |
| 100 1# - MAIN ENTRY--PERSONAL NAME | |
| Personal name | Gazalba, Sidi, |
| Dates associated with a name | 1924- |
| 9 (RLIN) | 2751 |
| 245 10 - TITLE STATEMENT | |
| Title | Di ambang pintu perkahwinan / |
| Statement of responsibility, etc. | Sidi Gazalba |
| 260 ## - PUBLICATION, DISTRIBUTION, ETC. | |
| Place of publication, distribution, etc. | Kuala Lumpur : |
| Name of publisher, distributor, etc. | Pustaka Antara, |
| Date of publication, distribution, etc. | 1976 |
| 300 00 - PHYSICAL DESCRIPTION | |
| Extent | 117ms ; |
| Dimensions | 22cm |
| 650 #0 - SUBJECT ADDED ENTRY--TOPICAL TERM | |
| Topical term or geographic name entry element | Marriage |
| General subdivision | Islam |
| 9 (RLIN) | 1547 |
| 942 ## - ADDED ENTRY ELEMENTS (KOHA) | |
| Source of classification or shelving scheme | |
| Koha item type | Book |
| Withdrawn status | Lost status | Source of classification or shelving scheme | Damaged status | Not for loan | Collection code | Home library | Current library | Shelving location | Date acquired | Inventory number | Total Checkouts | Full call number | Barcode | Date last seen | Price effective from | Koha item type |
|---|---|---|---|---|---|---|---|---|---|---|---|---|---|---|---|---|
| NON-FICTION | AKMAL Melaka | AKMAL Melaka | PINJAMAN | 09.05.2017 | 300320 | 301.4 SID | 201702646 | 09.05.2017 | 09.05.2017 | Book |
